LEADER 01021nam a2200265 4500 001 000000337425 003 CaOOAMICUS 005 20191023000000.0 008 191023s2003 it 000 u ita r 020 $a88-8274-544-9 040 $aSeMil$bita 100 1 $aSheldon, Sidney,$d<1917-2007>.$0(OLS)http://semarc/name/110384 240 10$aRage of angels.$0(OLS)http://semarc/title/426421 245 13$aLa rabbia degli angeli /$cSidney Sheldon. 250 $a20. ed. 264 1$aMilano :$bSperling Paperback,$c2003. 300 $a459 p. ;$c20 cm 500 $aTraduzione di Tullio Dobner 830 0$aSuperbestseller ;$v35.$0(OLS)http://semarc/title/424334 850 $aSeMil 852 $aSeMil$W1$xVenegono$y1$m1V VI 333$j217978$B229087$CSeMilBibl$Z2$F229087 $81 996 $6020$a88-8274-544-9$9(OLS)http://semarc/number/288979 996 $6245$aLa rabbia degli angeli$9(OLS)http://semarc/title/426422 996 $6264$aMilano :$bSperling Paperback$9(OLS)http://semarc/publisher/58639 LEADER 01441nam a2200301 4500 001 000000342438 003 CaOOAMICUS 005 20260309103353.0 008 201002s2019 it a 000 u ita r 020 $a978-88-6929-200-2 040 $aSeMil$bita 100 1 $aFrassati, Pier Giorgio,$c.$0(OLS)http://semarc/name/27395 245 10$aLettere /$cPier Giorgio Frassati ; a cura di Luciana Frassati ; [prefazione di mons. Matteo Maria Zuppi]. 264 1$aCantalupa (TO) :$bEffatą,$c2019. 300 $a367 p. :$bill., facs. ;$c21 cm 490 1 $aLe bussole 500 $aIn appendice, prefazione alla prima edizione di Luigi Sturzo. 650 04$aFrassati, Pier Giorgio - Lettere e carteggi.$0(OLS)http://semarc/subject/21953 700 1 $aFrassati, Luciana,$d<1902-2007>.$0(OLS)http://semarc/name/5007 700 1 $aZuppi, Matteo Maria,$c.$0(OLS)http://semarc/name/108279 700 1 $aSturzo, Luigi,$c.$0(OLS)http://semarc/name/414 830 3$aLe bussole.$0(OLS)http://semarc/title/13660 850 $aSeMil 852 $aSeMil$W1$xVenegono$y1$m3H I 628$j257474$B233376$CSeMilBibl$Z2$F233376 $81 996 $6020$a978-88-6929-200-2$9(OLS)http://semarc/number/291410 996 $6245$aLettere$9(OLS)http://semarc/title/1746 996 $6264$aCantalupa (TO) :$bEffatą$9(OLS)http://semarc/publisher/32483